| 000 | 00675nam a2200205 a 4500 | ||
|---|---|---|---|
| 001 | 3762 | ||
| 005 | 20140414131926.0 | ||
| 008 | 061010s19uu xx 00 eng d | ||
| 020 | _a0-689-82130-1 | ||
| 050 |
_aER _bR84 1998 |
||
| 100 | _aAlbee, Sarah | ||
| 245 |
_aRugrats: space invaders! / _cby Sarah Albee ; illustrated by Ron Zalme. |
||
| 260 |
_aNew York : _bSimon spotlight / Nickelodeon, _c1998. |
||
| 300 | _a1 v. p. : ill. ; cm. | ||
| 440 | _aReady to read | ||
| 520 | _aThe Rugrats babies become convinced that Earth is about to be invaded by space aliens. | ||
| 650 |
_aBabies _xFiction. |
||
| 650 |
_aExtra-terrestrial beings _xFiction. |
||
| 999 |
_c112006 _d112006 |
||